000 00810nam a22002057a 4500
005 20180222104412.0
010 _aB-689596
020 _c1895.00
_a9789381308196
035 _aB-689596
037 _bBSB
_adpl
082 _a345.052
245 _aIyer's a legal treatise on police diaries :
_bwith a special emphasis upon crime detection criminal investigation prosecution & RTI disclosures of contents of case diaries /
260 _aDelhi
_bDelhi Law House
_c2017
270 _a77, Gokhale Market, Opp. Tix Hazari Courts,
_bDelhi
_e110034
300 _acxl,1592p.
_c25cm(Hb)
500 _aIncludes index
505 _aRashtrapati Bhawan
942 _2ddc
_cEN
_mIYE
_h345.052
999 _c150082
_d150082